Nhận thức phật giáo
Sách giới thiệu cho đọc giả một số kiến thức cơ bản về phật giáo và phật pháp.
Salvato in:
| Autore principale: | |
|---|---|
| Natura: | Libro |
| Lingua: | Undetermined |
| Pubblicazione: |
Thành phố Hồ Chí Minh
Phương Đông
2007
|
| Soggetti: | |
| Tags: |
Aggiungi Tag
Nessun Tag, puoi essere il primo ad aggiungerne! !
|
| Thư viện lưu trữ: | Trung tâm Học liệu Trường Đại học Cần Thơ |
|---|
| LEADER | 00748nam a2200205Ia 4500 | ||
|---|---|---|---|
| 001 | CTU_129283 | ||
| 008 | 210402s9999 xx 000 0 und d | ||
| 020 | |c 21000 | ||
| 082 | |a 294.3 | ||
| 082 | |b T312 | ||
| 100 | |a Tịnh Không | ||
| 245 | 0 | |a Nhận thức phật giáo | |
| 245 | 0 | |c Tịnh Không Pháp sư ; Bản dịch Việt ngữ Thích Thuận Châu | |
| 260 | |a Thành phố Hồ Chí Minh | ||
| 260 | |b Phương Đông | ||
| 260 | |c 2007 | ||
| 520 | |a Sách giới thiệu cho đọc giả một số kiến thức cơ bản về phật giáo và phật pháp. | ||
| 650 | |a Buddhism,Đạo phật | ||
| 904 | |i Giang | ||
| 980 | |a Trung tâm Học liệu Trường Đại học Cần Thơ | ||